Footballeurs - Statistiques

Statistiques générales
  • Ce quiz a été pris 298 fois
  • Le résultat moyen est 11 sur 13
Statistiques - réponses
Footballeur Réponse % Correct
Kylian Mbappe France
100%
Cristiano Ronaldo Portugal
97%
Lionel Messi Argentine
96%
LukaModric Croatie
96%
Neymar Bresil
95%
Iniesta Espagne
94%
Thomas Meunier Belgique
90%
Memphis Depay Pays Bas
89%
Radamel Falcao Colombie
87%
Pierre- Emerick Aubameyang Gabon
77%
HirvingLozano Mexique
65%
Tim Howard Etats Unis
64%
Inui Japon
56%
Aucun quiz correspondant
Distribution des résultats
% des personnes avec chaque résultat
Percentile par nombre de réponses
Votre historique - résultats
Vous n’avez pas pris ce quiz